000 01455nam a2200361 a 4500
001 BRCA_8672
005 20190320210350.0
008 021216s1731----it-a######---#000-0#lat-#
041 _alat
044 _ait
050 4 _aBX1970
_b.C54
_c1731
100 1 _aClementis VIII
_921634
245 1 0 _aMissale romanum ex decreto sacrosancti concilii tridentini restitutum S. PII V. pontificis maximi
_cClementis VIII.
250 _aeditio novissima ad norman editionis postreme romae impressae
260 _aVenetiis
_bApud Haeredes Balleonios
_c1731
300 _axxxii, 438 p.
_bil.
_c35 cm
500 _aFondo antiguo
500 _aSe encuentra en Caja Fuerte
500 _aW-39
500 _aPortada impresa a dos tintas negro y rojo con grabado
500 _aCon dedicatoria: Pius Episcopus, Clemens Papa VIII, Urbanus Papa VIII
500 _aTexto impreso en dos columnas
500 _aIncluye láminas con grabados
500 _aUso de letras capitulares
500 _aIncluye pentagramas musicales
500 _aEstado físico: Grabado de la página 189 se encuentra deteriorado
500 _aIncluye índice
500 _aNota de encuadernación: terciopelo se observa desgaste, aplicaciones en la tapa y esquinas metalicas
506 0 _aFondo reservado: para su consulta es necesario credencial de usuario y carta de motivos
650 1 4 _aIglesia católica
_eLiturgia y ritual
_vMisal
_921635
902 _aLAR
942 _2lcc
_cB
999 _c8330
_d8330